000 01150nas a2200325 4500
001 BR8805492
003 BR-BrBNA
005 20231205091310.0
007 ta
008 230509b bl.|||p| |||| 00| 00por d
040 _aBR-BrBNA
_bpor
_cBiblioteca Nacional de Agricultura
041 _a(Pt)
072 _aP35
100 1 _aFonseca, D.M. da
100 1 _aAlvarez Venegas, V.H.
100 1 _aNeves, J.C.L.
100 1 _aGomide, J.A.
100 1 _aNovais, R.F. de
100 1 _aBarros, N.F. de
245 1 _aNiveis criticos de fosforo em amostras de solos para estabelecimento de Andropogon gayanus, Brachiaria decumbens e Hyparrhenia rufa
246 1 _aCritical levels of phosphorus in soil samples for the initial growth of Andropogon gayanus, Brachiaria decumbens and Hiparrhenia rufa
650 _aCAPIM ANDROPOGON
650 _aCAPIM BRACHIARIA
650 _aCAPIM JARAGUA
650 _aFERTILIDADE DO SOLO
650 _aFOSFORO
773 0 _tRevista Brasileira de Ciencia do Solo (Brazil)
_xISSN 0100-0683
_g(Jan-Apr 1988), v. 12(1) p. 49-58
_wBR8805492
909 _a202311
_bLúcia
_c55
_dLúcia Elande
942 _2AGRIS
_n0
_cANA
999 _c124215
_d124215